| 000 | 00491nam a2200157Ia 4500 | ||
|---|---|---|---|
| 005 | 20250312165859.0 | ||
| 008 | 231217s9999 xx 000 0 und d | ||
| 020 | _a9788190746206 | ||
| 082 | _a571.63 MAH;1 R | ||
| 100 | _aMaheshwari D K, Dubey R C. | ||
| 245 | 0 | _aPotential microorganisms for sustainable agriculture : a technocommercial perspective | |
| 260 |
_c2008 _bI K International _aNew Delhi |
||
| 300 | _axiv+483 | ||
| 650 | _aNonlinear,dynamics,wheeled,vehicle | ||
| 942 | _cAA | ||
| 999 |
_c182999 _d182999 |
||